|
|
|
|
| LEADER |
00000cam a2200000 7i4500 |
| 001 |
0000055134 |
| 005 |
20151116.0 |
| 008 |
151116 |
| 020 |
|
|
|a 9832852811(set)
|
| 020 |
|
|
|a 9832852862
|
| 090 |
0 |
0 |
|a MOR
|b MAL
|
| 100 |
0 |
|
|a Syed Mahadzir
|
| 245 |
1 |
0 |
|a Dibuli perasaan sebal
|c Syed Mahadzir
|
| 260 |
|
|
|a Selangor :
|b Cooray's House Of Publication Sdn Bhd ,
|c (s.n)
|
| 490 |
1 |
|
|a Siri Hentikan buli
|
| 650 |
|
0 |
|a Malay fiction
|
| 650 |
|
0 |
|a Moral
|
| 999 |
|
|
|a 0001052013
|b Book
|c Children Collection
|e Cawangan Bandar Penawar
|
| 999 |
|
|
|a 0001052853
|b Book
|c Teenagers
|e Cawangan Bandar Tenggara
|
| 999 |
|
|
|a 0001070708
|b Book
|c Children Collection
|e Cawangan Tmn. Ungku Tun Aminah
|
| 999 |
|
|
|a 0001075551
|b Book
|c Teenagers
|e Cawangan Bandar Tenggara
|
| 999 |
|
|
|a 0001075571
|b Book
|c Children Collection
|e Cawangan Kota Tinggi
|
| 999 |
|
|
|a 0001075604
|b Book
|c Children Collection
|e Cawangan Tangkak
|
| 999 |
|
|
|a 0001075770
|b Book
|c Children Collection
|e Cawangan Tmn. Ungku Tun Aminah
|
| 999 |
|
|
|a 0001130602
|b Book
|c Children Collection
|e Cawangan Segamat
|
| 999 |
|
|
|a 0001133964
|b Book
|c Children Collection
|e Cawangan Tmn. Ungku Tun Aminah
|
| 999 |
|
|
|a 0001138924
|b Book
|c Children Collection
|e Cawangan Taman Sri Lambak
|